Представление документа в формате MARC21

ПолеНазваниеЗначение
  Тип записи a
  Библиографический уровень m
001 Контрольный номер RU/URAIT/583841
005 Дата корректировки 20260429163608.4
008 Кодируемые данные 260429s2026 RU y f j 000 0 rus u
020 Индекс ISBN __
a ISBN 978-5-534-20827-6
c Цена, тираж 1329.00
040 Источник каталогиз. __
a Служба первич. каталог. ИКО Юрайт
c Служба, преобразующая запись ИКО Юрайт
e Правила каталог. RCR
041 Код языка издания __
a Код языка текста rus
044 Код страны публикации __
a Код страны публикации RU
080 Индекс УДК __
a Индекс УДК 004(075.8)
084 Индекс другой классификации/Индекс ББК __
2 Источник индекса rubbk
a Индекс другой классификации/Индекс ББК 32.81я73
100 Автор __
a Автор Куприянов Д. В.
q Полное имя Куприянов Дмитрий Васильевич
245 Заглавие __
a Заглавие Информационное обеспечение профессиональной деятельности
b Продолж. заглавия учебник и практикум для вузов
c Ответственность Д. В. Куприянов.
250 Сведения об издании __
g пер. и доп
a Основные сведения об издании 3-е изд.
256 Характеристики компьютерного файла __
a Характеристики компьютерного файла Электрон. дан.
260 Выходные данные __
a Место издания Москва
b Издательство Юрайт
c Дата издания 2026
300 Физическое описание __
a Объем 236 с
440 Серия __
a Серия Высшее образование
500 Примечания __
a Примечание URL: https://urait.ru/bcode/583841 (дата обращения: 29.04.2026).
520 Аннотация __
a Аннотация Курс направлен на решение практических, важных для каждого современного профессионала задач. Целью является обеспечение студентов инструментами, которые позволят успешно встречать информационные и технологические вызовы как в процессе учебы, так и в последующей профессиональной деятельности. Многие вопросы в курсе только обозначаются, а не расписываются детально, и автор делает это осознанно, ставя целью научить студента работать с офисными приложениями, со справочными системами, с ресурсами Интернета. Материал достаточно универсален, поскольку ориентирован на студентов различного уровня исходных знаний. Курс включает дополнительный практический материал, размещенный на Образовательной платформе «Юрайт» (urait.ru). Содержание курса соответствует актуальным требованиям федерального государственного образовательного стандарта высшего образования. Для студентов и преподавателей гуманитарных вузов.
538 Прим. о системных особенностях __
a Прим. о системных особенностях Режим доступа: Электронно-библиотечная система Юрайт, для авториз. пользователей
653 Ключевые слова __
a Ключевые слова Фундаментальные и теоретические основы информатики
653 Ключевые слова __
a Ключевые слова Компьютерные и информационные науки
653 Ключевые слова __
a Ключевые слова Информатика
653 Ключевые слова __
a Ключевые слова Информационные технологии
653 Ключевые слова __
a Ключевые слова Основы компьютерных технологий решения профессиональных задач
653 Ключевые слова __
a Ключевые слова Основы информатики
653 Ключевые слова __
a Ключевые слова Основы информационных технологий
653 Ключевые слова __
a Ключевые слова Информационное обеспечение профессиональной деятельности
653 Ключевые слова __
a Ключевые слова Введение в информатику
653 Ключевые слова __
a Ключевые слова Информатика (компьютерная грамотность)
653 Ключевые слова __
a Ключевые слова Компьютерные технологии в профессиональной деятельности
653 Ключевые слова __
a Ключевые слова Интернет-технологии в профессиональной деятельности
653 Ключевые слова __
a Ключевые слова Технологии обеспечения информационной безопасности
653 Ключевые слова __
a Ключевые слова Основы информатики и информационных технологий
653 Ключевые слова __
a Ключевые слова Информационно-коммуникативные технологии и программное обеспечение профессиональной деятельности
653 Ключевые слова __
a Ключевые слова Информационно-коммуникационные технологии и программное обеспечение профессиональной деятельности
653 Ключевые слова __
a Ключевые слова Компьютерные средства управления проектами
653 Ключевые слова __
a Ключевые слова Программное обеспечение электронного бизнеса
653 Ключевые слова __
a Ключевые слова Программные средства электронных предприятий
653 Ключевые слова __
a Ключевые слова Компьютерные технологии решения профессиональных задач
653 Ключевые слова __
a Ключевые слова Информатика в профессиональной деятельности
653 Ключевые слова __
a Ключевые слова Компьютерные технологии и сети в профессиональной деятельности
653 Ключевые слова __
a Ключевые слова Информатика в профессиональной сфере
856 Электронный адрес документа 40
n Местонахождение сервера Юрайт
g Электронная книга
q Тип электронного формата html
h Имя пользователя ЮРАЙТ
v Часы доступа к ресурсу 20271231
2 Способ доступа Показать документ
x Служебное примечание https://urait.ru/book/cover/28D04C63-DE11-4805-9F8E-426C725960F1
u URL https://urait.ru/bcode/583841
856 Электронный адрес документа 48
q Тип электронного формата cover
u URL https://urait.ru/book/cover/28D04C63-DE11-4805-9F8E-426C725960F1
911 __
u 0030=https://urait.ru/bcode/583841
911 __
u 073a=9785534208276
u 073d=1329.00
911 __
u 106a=s
911 __
u 900l=
952 Тип литературы __
i Дисциплина Информатика
952 Тип литературы __
i Дисциплина Информационные технологии
952 Тип литературы __
i Дисциплина Основы компьютерных технологий решения профессиональных задач
952 Тип литературы __
i Дисциплина Основы информатики
952 Тип литературы __
i Дисциплина Основы информационных технологий
952 Тип литературы __
i Дисциплина Информационное обеспечение профессиональной деятельности
952 Тип литературы __
i Дисциплина Введение в информатику
952 Тип литературы __
i Дисциплина Информатика (компьютерная грамотность)
952 Тип литературы __
i Дисциплина Компьютерные технологии в профессиональной деятельности
952 Тип литературы __
i Дисциплина Интернет-технологии в профессиональной деятельности
952 Тип литературы __
i Дисциплина Технологии обеспечения информационной безопасности
952 Тип литературы __
i Дисциплина Основы информатики и информационных технологий
952 Тип литературы __
i Дисциплина Информационно-коммуникативные технологии и программное обеспечение профессиональной деятельности
952 Тип литературы __
i Дисциплина Информационно-коммуникационные технологии и программное обеспечение профессиональной деятельности
952 Тип литературы __
i Дисциплина Компьютерные средства управления проектами
952 Тип литературы __
i Дисциплина Программное обеспечение электронного бизнеса
952 Тип литературы __
i Дисциплина Программные средства электронных предприятий
952 Тип литературы __
i Дисциплина Компьютерные технологии решения профессиональных задач
952 Тип литературы __
i Дисциплина Информатика в профессиональной деятельности
952 Тип литературы __
i Дисциплина Компьютерные технологии и сети в профессиональной деятельности
952 Тип литературы __
i Дисциплина Информатика в профессиональной сфере